Actor to Country - Statistics

General Stats
  • This quiz has been taken 54 times
  • The average score is 12 of 20
Answer Stats
Actor Country % Correct
Jackie Chan China
98%
Nicole Kidman Australia
95%
Ryan Reynolds Canada
91%
Jennifer Anniston United States
91%
Antonio Bandaras Spain
89%
Hellen Mirren United Kingdom
82%
Sofia Vergara Colombia
77%
Russell Crow New Zealand
75%
Brigitte Bardot France
73%
Omar Sharif Egypt
70%
Michael Fassbender Germany
68%
Natalie Portman Israel
61%
Mila Kunis Ukraine
55%
Gabriel Byrne Ireland
48%
Andy Garcia Cuba
34%
Grace Jones Jamaica
27%
John Aniston Greece
20%
Isla Fisher Oman
14%
Rose McGowan Italy
11%
Beren Saat Turkey
11%
No matching quizzes found
Score Distribution
Percent of People with Each Score
Percentile by Number Answered
Your Score History
You have not taken this quiz